000 00208nam a2200097Ia 4500
008 240331s9999 xx 000 0 und d
082 _bTUR
100 _aTurrow,Scott
245 0 _aPersonal Injuries
942 _cL
999 _c5801
_d5801